000 00825nam a2200181 i 4500
001 114807
003 ES-MaACL
005 20230906190245.0
007 t|
008 070329s1948 sp ||||1| spa d
100 1 _aLarreta, Enrique.
_970347
245 1 0 _aObras completas /
_cEnrique Larreta.
250 _a1ª ed.
260 _aMadrid :
_bPlenitud,
_c[1948]
300 _a1192 p. :
_bretr. ;
_c20 cm.
505 8 _aContiene: La gloria de Don Ramiro - Santa María del Buen Aire - Tiempos iluminados - Zogoibi - El Linyera - Pasión de Roma - La calle de la vida y de la muerte. Sonetos - Lo que buscaba Don Juan - Artemis. Selección de discursos y conferencias - Tenía que suceder - Las dos fundaciones de Buenos Aires - Jerónimo y su almohada - Notas diversas - La naranja.
852 _aES-MaACL
_jC-5606
_bR.26057
999 _c114807
_d114807